Statistics for horses and ponies

Click here to take the quiz!

General Stats

  • This quiz has been taken 130 times
  • The average score is 5 of 7

Answer Stats

HintAnswer% Correct
is paint a breed or a colourbreed
95%
what is the second fastest gaitcanter
93%
what do you call white horsesgrey
89%
how many inches is a hand4
85%
what is the differnce between a horse and a ponyheight
67%
what height can a pony be before it is considerd a horse14 2
63%
which breed comes from scotlandshetland
46%

Score Distribution

Percentile by Number Answered

Percent of People with Each Score

Your Score History

You have not taken this quiz